Largest Cities and Towns in CROATIA by First Letter - Statistics

General Stats
  • This quiz has been taken 196 times
  • The average score is 10 of 19
Answer Stats
Letter Population CITY/TOWN % Correct
Z 790,017 Zagreb
96%
S 178,102 Split
95%
R 128,624 Rijeka
90%
O 108,148 Osijek
86%
D 42,615 Dubrovnik
82%
P 57,460 Pula
79%
K 55,705 Karlovac
73%
B 40,276 Bjelovar
67%
T 13,192 Trogir
49%
G 12,745 Gospic
48%
V 63,517 Velika Gorica
45%
H 4,251 Hvar
44%
U 13,467 Umag
40%
C 27,104 Cakovec
37%
J 15,866 Jastrebarsko
34%
N 16,224 Nasice
34%
I 14,548 Ivanic-Grad
18%
M 16,788 Metkovic
16%
L 11,642 Labin
9%
No matching quizzes found
Score Distribution
Percent of People with Each Score
Percentile by Number Answered
Your Score History
You have not taken this quiz